000 00556nam a2200217 a 4500
001 0001-2060
003 ELIB.Books
008 190718 2010 eng
020 _aKBTS
092 _a250
_bAnd
100 _aAnderson, Leith.
245 _aA Church for the 21st Century
260 _aMinneapolis
_bBethany House Publishers
_c1992
300 _a250
_c22Cm
650 _aChurch Renewal
856 _nKBTS Library
_uKBTS Elib
942 _2ddc
_cBK
990 _a1
998 _aEnglishbooks.elf
_ccat
_e2019-07-18
999 _c12060
_d12060